|
|
|
|
| LEADER |
00000cam a2200000 a 4500 |
| 001 |
vtls001328467 |
| 003 |
SK-MaSNL |
| 005 |
20260301200358.0 |
| 008 |
980421s1960 xr a f n 00100 cze |
| 035 |
|
|
|a SNK000281292
|
| 040 |
|
|
|a SNK
|b slo
|c SNK
|e AACR2
|
| 041 |
0 |
|
|a cze
|
| 044 |
|
|
|a xr
|c CZ
|
| 080 |
|
|
|a 82-94(437.3)(048.8)
|2 1981
|
| 100 |
1 |
|
|a Nahodil, Otakar,
|d 1923-1995
|4 aut
|9 112681
|
| 245 |
1 |
|
|a České lidové kronikářství
|c Otakar Nahodil, Antonín Robek ; ilustroval Jaroslav Kadlec
|
| 260 |
|
|
|a Praha
|b Orbis
|c 1960
|
| 300 |
|
|
|a 163 s., [7] ss. obr. príloh
|c 20 cm
|
| 366 |
|
|
|e 3000 výtl.
|
| 500 |
|
|
|a Slovníček cudzích a archaických vyrazov
|
| 504 |
|
|
|a Obsahuje bibliografiu a register
|
| 650 |
0 |
7 |
|a kronikárstvo
|2 SNKPH
|9 70376
|
| 650 |
0 |
7 |
|a dejiny kronikárstva
|2 SNKPH
|9 579470
|
| 651 |
|
7 |
|a Česko
|2 SNKPHgeo
|9 16753
|
| 700 |
1 |
|
|a Robek, Antonín,
|d 1931-2008
|4 aut
|9 310413
|
| 700 |
1 |
|
|a Kadlec, Jaroslav,
|d 1928-1975
|4 ill
|9 256176
|
| 999 |
|
|
|c 890216
|d 892146
|
| 952 |
|
|
|a SNK
|b SNK
|y NEVYP
|7 0
|p 17A0495735
|o snkID 27365 D1
|i snkKIP 632/61
|3 rekatalogizácia
|0 0
|1 1
|4 0
|d 2006-03-21
|l 0
|r 2026-02-24 06:42:12
|w 2026-02-24
|
| 952 |
|
|
|t P60, <04>, [BOOK], {604}
|a SNK
|b SNK
|y VYP
|7 0
|p 17A0136066
|o snkID 27365
|0 0
|1 0
|4 0
|d 1998-04-21
|l 0
|r 2005-01-02 00:00:00
|w 2026-02-24
|